书目信息 |
| 题名: |
体大思精的《文心雕龙》
|
|
| 作者: | 左健 著 | |
| 分册: | ||
| 出版信息: | 沈阳 辽宁古籍出版社 1995 |
|
| 页数: | 154页 | |
| 开本: | 19cm | |
| 丛书名: | 中华民族优秀传统文化丛书 | |
| 单 册: | ||
| 中图分类: | I206.2 | |
| 科图分类: | 43.2 | |
| 主题词: | 文学研究-文心雕龙--青年读物 | |
| 电子资源: | ||
| ISBN: | 7-80507-278-7 | |
| 000 | 00774nam2 2200265 45 | |
| 001 | 0195028680 | |
| 005 | 20090610093621.42 | |
| 009 | 0195028680 | |
| 010 | @a7-80507-278-7@dCNY4.00 | |
| 100 | @a19950528d1995 em y0chiy0121 ea | |
| 101 | 0 | @achi |
| 102 | @aCN@b210000 | |
| 105 | @ay z 000zy | |
| 200 | 10 | @a体大思精的《文心雕龙》@ATI DA SI JING DE 《 WEN XIN DIAO LONG 》@f左健著@Fzuo jian zhu |
| 210 | @a沈阳@c辽宁古籍出版社@d1995 | |
| 215 | @a154页@d19cm | |
| 225 | 2 | @a中华民族优秀传统文化丛书@i文学卷 |
| 410 | 0 | @120010@a中华民族优秀传统文化丛书 |
| 605 | @a文心雕龙-文学研究@x青年读物 | |
| 606 | @a文学研究-文心雕龙@x青年读物 | |
| 690 | @aI206.2 | |
| 692 | @a43.2 | |
| 701 | 0 | @a左健@Azuo jian@4著 |
| 801 | 0 | @aCN@bNLC@c20090610 |
| 905 | @aBZT@dI206.2@e4 | |
| 体大思精的《文心雕龙》/左健著.-沈阳:辽宁古籍出版社,1995 |
| 154页;19cm.-(中华民族优秀传统文化丛书.文学卷) |
| ISBN 7-80507-278-7:CNY4.00 |
| ● |
| 相关链接 |
|
|
|
正题名:体大思精的《文心雕龙》
索取号:I206.2/4
 
预约/预借
| 序号 | 登录号 | 条形码 | 馆藏地/架位号 | 状态 | 备注 |
| 1 | 392376 | 210218584 | 中心书库中库/打包BH1001/ [索取号:I206.2/4] | 在馆 | |
| 2 | 392377 | 210218575 | 中心书库中库/打包BH1001/ [索取号:I206.2/4] | 在馆 | |
| 3 | 392378 | 210218566 | 中心书库中库/打包BH1001/ [索取号:I206.2/4] | 在馆 | |
| 4 | 392379 | 210218557 | 中心书库中库/打包BH1001/ [索取号:I206.2/4] | 在馆 | |
| 5 | 392380 | 210218548 | 中心书库中库/打包BH1001/ [索取号:I206.2/4] | 在馆 | |
| 6 | 392381 | 210218539 | 中心书库中库/打包BH1001/ [索取号:I206.2/4] | 在馆 | |
| 7 | 392382 | 210218520 | 中心书库中库/打包BH1001/ [索取号:I206.2/4] | 在馆 | |
| 8 | 392383 | 210218511 | 中心书库中库/打包BH1001/ [索取号:I206.2/4] | 在馆 | |
| 9 | 392384 | 210218502 | 中心书库中库/打包BH1001/ [索取号:I206.2/4] | 在馆 | |
| 10 | 392385 | 210218496 | 中心书库中库/打包BH1001/ [索取号:I206.2/4] | 在馆 |